• 首页
  • 本馆介绍
  • 公告通知
  • 最新文献
  • 馆藏检索
  • 电子资源
  • 读者导购
  • 参考咨询
  • 我的图书馆
  • 登录
  • 详细信息显示
  • 放入我的书架
  • 预约/预借图书
  • 作者相关作品
  • 分类相关作品
  • 丛书相关作品
  • 出版社相关作品

书目信息

  • 表格格式
  • 工作单格式
  • 卡片格式
题名:
仙客来
    
 
作者: 叶晓青 编著
分册:  
出版信息: 南京   江苏科学技术出版社  2000
页数: 71页
开本: 19cm
丛书名: 棚室花卉栽培技术丛书
单 册:
中图分类: S682.2
科图分类:
主题词: 观赏园艺 , 花卉 , 园林树木
电子资源:
ISBN: 7-5345-3122-5
000 00800nam0 2200265 45
001 0501151188
005 20050115113847.0
010    @a7-5345-3122-5@dCNY5.50
100    @a20050115d2000 km y0chiy0120 ea
101 0  @achi
102    @aCN@b320000
200 1  @a仙客来@AXian Ke Lai@f叶晓青等编著
210    @a南京@c江苏科学技术出版社@d2000
215    @a71页@c图@d19cm
225    @a棚室花卉栽培技术丛书
330    @a本书介绍了棚室仙客来栽培的概况、棚室设施的建造、对环境条件的要求、育苗与繁殖、栽培技术、病虫害防治、采收 、贮运与选购。
410    @12001 @a棚室花卉栽培技术丛书
606 0  @a观赏园艺
606 0  @a花卉
606 0  @a园林树木
690    @aS682.2@v4
701  0 @a叶晓青@AYe Xiao Qing@4编著
801    @aCN@bahty@c20050115
905    @aBZT@dS682.2@e163
906    @dCNY5.50@n0@r1
    
    仙客来/叶晓青等编著.-南京:江苏科学技术出版社,2000
    71页:图;19cm.-(棚室花卉栽培技术丛书)
    
    
    ISBN 7-5345-3122-5:CNY5.50
    本书介绍了棚室仙客来栽培的概况、棚室设施的建造、对环境条件的要求、育苗与繁殖、栽培技术、病虫害防治、采收 、贮运与选购。
●
相关链接 在五车中查询图书 在当当中查询图书 在豆瓣中查询图书


正题名:仙客来     索取号:S682.2/163         预约/预借

序号 登录号 条形码 馆藏地/架位号 状态 备注
1 388870   210199676   中心书库中库/ 中库032架A面5列2层9/ [索取号:S682.2/163] 在馆    
2 388871   210199685   中心书库中库/ 中库032架A面5列3层29/ [索取号:S682.2/163] 在馆    
3 388872   210199658   中心书库中库/ 中库032架A面5列3层89/ [索取号:S682.2/163] 在馆    
4 388873   210199667   中心书库中库/ 中库032架A面5列3层91/ [索取号:S682.2/163] 在馆    
5 388874   210199630   中心书库中库/ 中库032架A面5列3层90/ [索取号:S682.2/163] 在馆    
6 388875   210199649   中心书库中库/ 中库032架A面5列3层92/ [索取号:S682.2/163] 在馆    
7 388876   210197598   中心书库中库/ 中库032架A面5列3层15/ [索取号:S682.2/163] 在馆    
8 388877   210197605   中心书库中库/ 中库032架A面5列3层17/ [索取号:S682.2/163] 在馆    
9 388878   210197570   中心书库中库/ 中库032架A面5列3层16/ [索取号:S682.2/163] 在馆    
10 388879   210197589   中心书库中库/ 中库032架A面5列3层28/ [索取号:S682.2/163] 在馆    
山东省滨州职业学院图书馆 欢迎您!
大连网信软件有限公司© 版权所有